| 000 | 00329nam a2200109Ia 4500 | ||
|---|---|---|---|
| 008 | 220216s9999 xx 000 0 und d | ||
| 100 | _aKovac F J | ||
| 245 | 0 | _aTyres for the global market | |
| 260 | _bProceedings of the International Rubber Conference, Kuala Lumpur, Malaysia, V.1. 1985; p37-45 | ||
| 650 | _aTyres | ||
| 942 | _cJS | ||
| 999 |
_c71699 _d71699 |
||